000 00724nam a2200265Ia 4500
003 OSt
005 20221006145556.0
006 a|||||r|||| 00| 0
007 ta
008 221006b |||||||| |||| 00| 0 eng d
020 _c15.00 (Total)
024 _a15,327
037 _cTextual
040 _aEASL
_cEASL
_beng
041 _2eng
_aeng
082 _aV41:1973.N45<-L34, K7
100 _aDULLES Foster Rhea
245 0 _aChina and America
_b Story of their relations since 1784
260 _aNew York
_bKennikat Press
_c1967
300 _a277p.
_ccm.
490 _v CEL
650 _aCEL
942 _hV41:1973.N45<-L34, K7
_cTEXL
_2CC
999 _c1083413
_d1083413